000 00679cam a2200241u 4500
001 5424
003 BD-RjUL
005 20211208234050.0
008 131226s1962 ne 000 0 eng
035 _a(BD-RjUL)
040 _aDLC
_cCarP
_dDLC
_beng
041 _aeng
082 _a 342.54062
_bMIM 1962
100 1 _aMinattur, Joseph.
_917034
245 1 0 _aMartial law in India, Pakistan, and Ceylon /
_cJoseph Minattur
260 _aThe Hague,
_bM. Nijhoff,
_c1962.
300 _a99 p.
_c22 cm.
650 0 _aMartial law
_zIndia.
_917035
650 0 _aMartial law
_zPakistan.
_917036
650 0 _aMartial law
_zSri Lanka.
_917037
942 _2ddc
_cBK
999 _c5424
_d5424